Sentidos y construcciones para el trabajo comunitario

Sparad:
Bibliografiska uppgifter
Materialtyp: Bok
Språk:spanska
Publicerad: Santiago Caleta Sur 2002
Ämnen:
Taggar: Lägg till en tagg
Inga taggar, Lägg till första taggen!

MARC

LEADER 00000nam a2200000 a 4500
001 UCH2196
003 CL-VaPUC
005 20220315074420.0
008 090604e20020000cl 1 spa d
082 0 4 |a 361.8  |b SEN  |2 21 
245 1 0 |a Sentidos y construcciones para el trabajo comunitario 
260 |a Santiago  |b Caleta Sur  |c 2002 
300 |a 141 p 
583 |a last modification  |c 20090604 00:00:00  |k Rodrigo Vera 
650 0 0 |a Trabajo comunitario  |9 337627 
650 0 0 |a Trabajo social   |9 307856 
650 0 0 |a Congresos  |9 257560 
942 |c BK 
945 |a rbrito  |d 20090604 00:00:00 
546 |a En Español 
536 |a Corporación Programa Caleta Sur 
518 |p Seminario y concurso de ensayo trabajo comunitario, 1, Santiago, noviembre de 2001 
999 |c 384434  |d 384432 
952 |0 0  |1 0  |4 0  |6 361_800000000000000_SEN_2002  |7 0  |8 X  |9 507141  |a FDOBUD  |b FDOBUD  |d 2020-01-23  |i 4556860  |o 361.8 SEN 2002  |p 4556860  |r 2020-01-23  |w 2020-01-23  |y BK_X  |k BUD